000 00812cam a2200229 a 4500
001 000003810
005 20200929150559.0
008 920818s1992 ag 000 f spa
020 _a9500810166
040 _aDO-SdBNP
_cDLC
_dDLC
_dOCoLC
041 1 7 _aspa
_heng
_2Código de idioma MARC
082 _a813.54
_bC854e
100 1 _aCoughlin, William J.,
_q(William Jeremiah)
_d1929-
_911557
245 1 0 _aEn presencia de tus enemigos /
_cWilliam J. Coughlin ; traductor, María Eleonor Gorga.
260 _aBuenos Aires :
_bAtlántida,
_c1992.
300 _a475 p. ;
_c23 cm.
534 _aTítulo original: In the presence of enemies.
650 4 _aNovela estadounidense
_9262
650 4 _aLiteratura estadounidense
_9263
700 1 _aGorga, María Eleonor.
_etr.
_911558
910 _aCatalogación por copia / LC
999 _c3632
_d3632